000 00731nam a2200229 u 4500
005 20240228064048.0
008 121009s2008 r 000 0 eng d
020 _a9789589815687 (Obra completa)
020 _a9789589815694 (Tomo 1)
035 _aUPN01000187260
049 _aI
050 4 _aPZ74
_bA6.7
245 0 0 _aAprender es un cuento /
_ced. Diana E. Oliveros ; il. Carlos Peña.
260 _aColombia :
_bContinente,
_c2008.
300 _av. :
_bil. col.
500 _aLa bilioteca tiene el Tomo 1
500 _aEn la cubierta dice: Cuentos clásicos y populares
650 4 _aCuentos infantiles
_96744
650 4 _aLibros y lectura para niños
_92290
700 1 _aOLiveros, Diana E.,
_eed.
905 _aInfantil
999 _c159363
_d159363